<?xml version="1.0" encoding="UTF-8"?>
<marc:record xmlns:marc="http://www.loc.gov/MARC21/slim">
   <marc:leader>00000nam a2200000 a 4500</marc:leader>
   <marc:datafield ind1="1" ind2=" " tag="100">
      <marc:subfield code="a">Lauth, Gerhard W.</marc:subfield>
      <marc:subfield code="4">aut</marc:subfield>
      <marc:subfield code="e">Verfasser/-in</marc:subfield>
   </marc:datafield>
   <marc:datafield ind1="1" ind2=" " tag="100">
      <marc:subfield code="a">Naumann, Kerstin</marc:subfield>
      <marc:subfield code="4">aut</marc:subfield>
      <marc:subfield code="e">Verfasser/-in</marc:subfield>
   </marc:datafield>
   <marc:datafield ind1=" " ind2=" " tag="653">
      <marc:subfield code="a">Aufmerksamkeitsdefizit-Syndrom</marc:subfield>
   </marc:datafield>
   <marc:datafield ind1=" " ind2=" " tag="653">
      <marc:subfield code="a">Grundschulunterricht</marc:subfield>
   </marc:datafield>
   <marc:datafield ind1=" " ind2=" " tag="653">
      <marc:subfield code="a">Softcover / Psychologie/Angewandte Psychologie</marc:subfield>
   </marc:datafield>
   <marc:datafield ind1=" " ind2=" " tag="653">
      <marc:subfield code="a">Beispielsammlung</marc:subfield>
   </marc:datafield>
   <marc:datafield ind1="0" ind2="0" tag="245">
      <marc:subfield code="a">ADHS in der Schule</marc:subfield>
   </marc:datafield>
   <marc:datafield ind1="0" ind2="0" tag="245">
      <marc:subfield code="b">Übungsprogramm für Lehrer ; mit CD-ROM</marc:subfield>
   </marc:datafield>
   <marc:datafield ind1="0" ind2="0" tag="245">
      <marc:subfield code="c">Gerhard W. Lauth ; Kerstin Naumann</marc:subfield>
   </marc:datafield>
   <marc:datafield ind1=" " ind2="1" tag="264">
      <marc:subfield code="a">Weinheim</marc:subfield>
      <marc:subfield code="b">Beltz, PVU</marc:subfield>
      <marc:subfield code="c">2009</marc:subfield>
   </marc:datafield>
   <marc:datafield ind1="1" ind2=" " tag="490">
      <marc:subfield code="a">Praxismaterial</marc:subfield>
   </marc:datafield>
   <marc:datafield ind1=" " ind2=" " tag="250">
      <marc:subfield code="a">1. Aufl.</marc:subfield>
   </marc:datafield>
   <marc:datafield ind1="1" ind2=" " tag="520">
      <marc:subfield code="a">Angaben aus der Verlagsmeldung

ADHS in der Schule : Übungsprogramm für Lehrer. Mit CD-ROM / von Gerhard W. Lauth, Kerstin Naumann

In fast jeder Grundschulklasse gibt es 2–3 Schüler, die an ADHS leiden. Das kann den Unterricht ganz schön schwierig machen! Mit dem neuen Übungsprogramm lernen Lehrer, diese Kinder im Schulalltag zu fördern.

Anhand von Problemfällen lernen Lehrkräfte, wie sie das Verhalten der Kinder mit ADHS im Unterricht lenken und damit die Lernaktivitäten unterstützen können. Außerdem bekommen sie Hinweise, wie sie die Zusammenarbeit mit den Eltern produktiv gestalten können.

In insgesamt sieben Bausteinen werden Erkenntnisse und Fertigkeiten vermittelt, die Lehrer im Umgang mit 6- bis 11-jährigen Kindern mit ADHS brauchen:
- Wissen über das Störungsbild ADHS
- Entwicklung eines verhaltensbezogenen Zugangs im Unterricht
Alle Arbeitsblätter können von der CD-ROM ausgedruckt werden. Außerdem werden PowerPoint-Präsentationen für die Kursleiter zur Verfügung gestellt.

Das erste standardisierte und evaluierte Programm für die Grundschule! Es kann sowohl in der Lehrerfortbildung als auch im Gruppentraining zusammen mit dem Kollegium umgesetzt werden.
</marc:subfield>
   </marc:datafield>
   <marc:datafield ind1=" " ind2=" " tag="020">
      <marc:subfield code="a">9783621276580</marc:subfield>
      <marc:subfield code="9">9783621276580</marc:subfield>
   </marc:datafield>
   <marc:datafield ind1=" " ind2=" " tag="041">
      <marc:subfield code="a">ger</marc:subfield>
   </marc:datafield>
   <marc:datafield ind1=" " ind2=" " tag="300">
      <marc:subfield code="a">XI, 111 S.</marc:subfield>
   </marc:datafield>
</marc:record>
